[Event "EICC 2017"]
[Site "Minsk"]
[Date "2017.06.05"]
[Round "6"]
[White "Moiseenko, Alexander"]
[Black "Gabrielian, Artur"]
[Result "1-0"]
[WhiteElo "2677"]
[BlackElo "2525"]
[Annotator "TA"]
[PlyCount "109"]
[EventDate "2017.??.??"]
[EventCountry "BLR"]
[SourceTitle "playchess.com"]
[Source "ChessBase"]
[SourceQuality "1"]

{[%evp 24,109,78,64,89,22,62,34,18,29,58,10,112,-27,-16,-47,-60,-54,-63,-85,-13,-28,-12,-30,-29,-91,-20,-54,-54,-225,-230,-231,-229,-249,-153,-158,-166,-193,-204,-214,-215,-189,-52,-123,-60,-55,0,-56,-68,-113,0,0,0,0,0,0,0,0,0,0,49,16,16,16,16,15,14,14,9,9,70,70,71,71,135,137,202,202,202,185,518,527,530,509,1048,1052,877,716]} 1. d4 Nf6 2. c4 c5 3. d5 e6 4. Nc3 exd5 5. cxd5 d6 6. e4 g6 7. f4 Bg7 8. Bb5+ Nfd7 9. a4 Qh4+ 10. g3 Qe7 11. Nf3 O-O 12. O-O a6 {A67: Modern Benoni: Taimanov Variation} (12... Na6 13. f5 Ne5 14. Nxe5 Bxe5 15. Bh6 Rd8 16. Qd2 Bd7 17. Rf4 Nc7 18. Raf1 Nxb5 19. axb5 f6 20. h4 gxf5 21. exf5 {½-½ (57) Adhiban,B (2619)-Flores,D (2562) Tromsoe 2014}) 13. Bd3 {LiveBook: 15 Games} Nf6 14. e5 (14. Re1 $16) 14... Ne8 $1 $11 {The position is equal.} 15. f5 $146 {Hoping for f6.} ({Predecessor:} 15. Re1 Bg4 16. e6 fxe6 17. dxe6 Nc7 18. Bc4 {1-0 (44) Akesson,R (2479)-Ringoir,T (2349) Brussels 2009}) 15... dxe5 16. Bg5 Qc7 17. Nd2 Nd6 (17... c4 $11 {keeps the balance.} 18. Nxc4 Bxf5) 18. Nc4 (18. f6 $1 $16 {[%cal Rf6g7]} Bh8 19. Nc4) 18... Bxf5 19. Nxd6 Bxd3 20. Qxd3 Qxd6 21. Ne4 Qc7 (21... Qb6 $17 22. Qc4 Qb4 23. Qxb4 cxb4) 22. d6 Qc6 {Strongly threatening ...c4.} 23. Be7 c4 24. Qf3 (24. Qe2 $11) 24... Nd7 (24... f5 $1 $17 {[%cal Rf5e4]} 25. Bxf8 Bxf8) 25. Bxf8 Rxf8 26. Rad1 $2 (26. g4 $15) 26... f5 $19 (26... Qxa4 27. g4 $15) 27. Ng5 e4 28. Qe2 Re8 {...Ne5 is the strong threat.} (28... Qxa4 29. g4 $15) 29. g4 h6 30. Nh3 fxg4 31. Qxg4 Ne5 32. Qg2 {[#]} Nf3+ (32... g5 $1 $19 33. Rde1 Nf3+ 34. Rxf3 exf3 35. Rxe8+ Qxe8 36. Qxf3 Bd4+ 37. Kg2 Qe6) 33. Kh1 $15 {[#]} Nh4 ({Black should play} 33... Kh7 $1 $17 34. d7 Rd8) 34. Qd2 $1 Nf5 (34... Rd8 $15 35. Nf4 Rd7) 35. d7 (35. Rg1 $11) 35... Rd8 $1 {White must now prevent ...Bd4.} 36. Nf4 e3+ (36... Bd4 $17 37. Rg1 Bxg1 38. Kxg1 Kf7 39. Qd5+ Qxd5 40. Rxd5 Nh4) 37. Qd5+ $11 Qxd5+ 38. Rxd5 Kf7 $1 ({Avoid the trap} 38... Bxb2 $2 39. Ne6 $18) 39. Rb1 Bf6 40. Kg2 Bg5 41. Kf3 b5 42. axb5 axb5 43. Ke4 b4 44. Rbd1 c3 45. bxc3 bxc3 46. Ne2 Bf6 (46... c2 $11 47. Rc1 Ne7) 47. Rc5 $14 Ke7 48. Rc6 h5 (48... Nh4 $142) 49. Nf4 $16 e2 (49... Kf7 $16 {was necessary.} 50. Rc8 Be7 51. Rxd8 (51. Rxc3 Bd6 $14) 51... Bxd8) 50. Nxe2 $18 ({Stronger than} 50. Nxg6+ Kf7 $11) 50... c2 51. Rd3 Kf7 $2 (51... Bh8 {is more resistant.} 52. Rxg6 Nd4 53. Rxd4 Bxd4 54. Kxd4 Rxd7+ 55. Kc3 Rc7+ 56. Kd2 Rc4) 52. Rxc2 {White is clearly winning.} Bg5 53. Rc8 Ke6 (53... Nh6 $142 54. Rxd8 Bxd8) 54. Nf4+ Kf7 55. Nxh5 {Precision: White = 54%, Black = 38%.} 1-0

[Event "EICC 2017"]
[Site "Minsk"]
[Date "2017.06.05"]
[Round "6"]
[White "Smirin, Ilia"]
[Black "Kharchenko, Boris"]
[Result "1/2-1/2"]
[WhiteElo "2676"]
[BlackElo "2468"]
[Annotator "TA"]
[PlyCount "63"]
[EventDate "2017.??.??"]
[EventCountry "BLR"]
[SourceTitle "playchess.com"]
[Source "ChessBase"]
[SourceQuality "1"]

{[%evp 26,63,15,2,6,0,0,8,0,-7,4,8,15,0,0,0,0,0,12,0,0,0,7,0,6,0,0,0,0,-20,-25,-22,0,0,0,0,0,0,0,0]} 1. e4 e5 2. Nf3 Nf6 3. Nxe5 d6 4. Nf3 Nxe4 5. d4 d5 6. Bd3 Nc6 7. O-O Be7 8. c4 Nb4 9. Be2 O-O 10. Nc3 Bf5 11. a3 Nxc3 12. bxc3 Nc6 13. Re1 Re8 14. h3 {LiveBook: 4 Games. C42: Petroff Defence: 3 Nxe5 and unusual White 3rd moves} h6 15. Be3 dxc4 16. Bxc4 Bd6 {[#]} 17. a4 $146 {[%cal Ba3a4,Ba4a5,Ba5a6][%mdl 32]} ({Predecessor:} 17. Nd2 Qh4 18. Bd5 Re7 19. Qb3 Na5 20. Qb5 c6 21. Bxc6 Bxh3 22. Bf3 Bd7 23. Qxa5 Qh2+ 24. Kf1 g5 25. Ke2 g4 26. Be4 Bc7 27. Qb4 Bd6 28. Qb3 {1-0 (28) Movsesian,S (2709)-Petrosian,T (2612) Rijeka 2010}) 17... Qf6 (17... Na5 $5 {[%cal Ra5c4]} 18. Bd3 Qf6 $11) 18. a5 Rad8 19. a6 b6 20. Bb5 Bd7 21. Qa4 Qg6 22. Bd2 (22. c4 {looks sharper.} Nb8 23. c5 bxc5 24. dxc5 Bf8 25. Bxd7 Rxd7 26. Rec1) 22... Rxe1+ 23. Rxe1 Nb8 {[%cal Bc6b8,Bb8d7,Bd7c5][%mdl 32]} ({Wrong is} 23... Bxh3 $2 24. Nh4 $18) 24. Bxd7 Nxd7 25. c4 c6 26. Bb4 {[#] Strongly threatening Nh4.} c5 27. Bc3 cxd4 28. Bxd4 Nc5 {The position is equal.} 29. Re8+ Rxe8 30. Qxe8+ Kh7 31. Bxc5 Bxc5 32. Nd2 {Precision: White = 51%, Black = 68%.} 1/2-1/2

[Event "EICC 2017"]
[Site "Minsk"]
[Date "2017.06.05"]
[Round "6"]
[White "Safarli, Eltaj"]
[Black "Karttunen, Mika"]
[Result "1-0"]
[WhiteElo "2668"]
[BlackElo "2465"]
[Annotator "TA"]
[PlyCount "113"]
[EventDate "2017.??.??"]
[EventCountry "BLR"]
[SourceTitle "playchess.com"]
[Source "ChessBase"]
[SourceQuality "1"]

{[%evp 9,113,29,34,56,50,22,26,26,37,40,30,23,38,22,60,35,58,79,92,99,109,108,164,129,131,114,160,80,80,80,80,80,80,73,73,73,81,76,81,81,81,81,102,95,124,114,114,112,145,90,68,43,87,64,67,52,122,43,37,44,56,23,59,70,68,64,190,157,151,163,153,141,150,139,179,158,186,156,268,241,241,235,189,175,576,550,514,410,924,914,850,685,1000,578,2023,1983,1967,1887,1733,1613,29964,29961,5097,4694,12850,5106]} 1. e4 c5 2. Nf3 Nc6 3. Bb5 Nf6 4. Nc3 Qc7 5. O-O a6 (5... Nd4 6. Re1 a6 7. Bf1 d6 8. Nd5 Nxd5 9. exd5 g6 10. c3 Nxf3+ 11. Qxf3 Bg7 12. d4 cxd4 13. Bg5 f6 14. Bd2 dxc3 15. Bxc3 {½-½ (34) Bacrot,E (2692)-Moiseenko,A (2648) Germany 2016}) 6. Bxc6 {B30: Sicilian: 2...Nc6 3 Bb5, lines without ...g6} dxc6 7. h3 e5 8. d3 {White has an edge.} h6 9. a4 g5 10. Nd2 Be6 11. Nc4 a5 12. b3 $146 (12. Bd2 {feels hotter.} Be7 13. b3 g4 14. hxg4 Nxg4 15. f3) ({Predecessor:} 12. Be3 Rg8 13. g4 {½-½ (13) Manik,M (2474)-Ganaus,H (2320) Austria 2006}) 12... Be7 13. Bb2 Bxc4 14. bxc4 O-O-O 15. Qf3 Qd7 (15... Qd6 $16) 16. Nd1 Qe6 17. Ne3 h5 18. Qf5 (18. Bc3 $142) 18... Nd7 $16 19. Bc3 b6 20. Rab1 Rdg8 21. g3 Bd8 22. Kg2 Rh6 23. Rh1 Bc7 24. h4 g4 25. Qxe6 Rxe6 26. Rbf1 Reg6 27. f3 gxf3+ 28. Rxf3 f6 29. Rhf1 (29. g4 $142) 29... Bd8 30. Kh2 (30. g4 $5) 30... Be7 31. Nf5 Bd8 32. Bd2 Kc7 ({Black should play} 32... Nf8 $1 $14) 33. c3 (33. Kh3 $16) 33... Nf8 $14 34. d4 $36 {[%mdl 2048] White is more active.} cxd4 35. cxd4 Ne6 36. dxe5 $1 fxe5 37. Bc3 Bf6 ({Black should try} 37... Nc5 $14) 38. Nh6 Rxh6 39. Rxf6 Rxf6 40. Bxe5+ Kd7 41. Rxf6 $16 {[%mdl 4096] Endgame KRB-KRN} Rg4 {[#]} 42. Bf4 $1 Nxf4 43. gxf4 ({Worse is} 43. Rxf4 Rxf4 44. gxf4 b5 $11) 43... Rxh4+ {KR-KR} (43... b5 $16 {keeps fighting.}) 44. Kg3 $18 Rh1 45. e5 {[%cal Be4e5,Be5e6][%mdl 32]} h4+ 46. Kg4 Rc1 $2 {[#]} (46... h3) 47. Rd6+ Kc7 48. Rh6 Rxc4 (48... c5 $142 49. f5 (49. Rxh4 Rxc4 50. Rh7+ Kc6 $16) 49... Rxc4+ 50. Kg5 Re4) 49. Rh7+ Kd8 50. e6 b5 51. Kg5 bxa4 52. f5 Re4 53. Rd7+ Kc8 54. Rd1 h3 55. Kf6 h2 56. e7 Kc7 57. Kf7 {Precision: White = 66%, Black = 38%.} 1-0

[Event "EICC 2017"]
[Site "Minsk"]
[Date "2017.06.05"]
[Round "6"]
[White "Grandelius, Nils"]
[Black "Abasov, Nijat"]
[Result "1/2-1/2"]
[WhiteElo "2665"]
[BlackElo "2575"]
[Annotator "TA"]
[PlyCount "134"]
[EventDate "2017.??.??"]
[EventCountry "BLR"]
[SourceTitle "playchess.com"]
[Source "ChessBase"]
[SourceQuality "1"]

{[%evp 16,134,38,33,58,45,56,55,77,84,92,80,105,90,141,56,54,52,82,65,118,105,104,112,141,145,132,129,140,133,154,126,136,137,119,123,135,80,80,80,80,80,87,80,80,80,80,80,87,87,87,87,87,87,87,87,87,87,106,72,72,56,60,44,44,0,59,60,72,72,87,77,81,72,87,87,87,72,87,85,85,72,85,82,87,77,87,85,87,81,82,65,65,65,85,77,85,85,85,85,85,81,81,81,88,72,72,75,75,79,81,8,8,8,8,8,8,0,8,8,8]} 1. d4 Nf6 2. c4 e6 3. Nc3 Bb4 4. g3 d5 5. Bg2 O-O 6. Nf3 dxc4 7. O-O Bd7 {E20: Nimzo-Indian: 4 g3 and 4 f3} 8. Ne5 Bc6 9. e4 {LiveBook: 4 Games} a5 $146 {White is slightly better.} ({Predecessor:} 9... Bxc3 10. Nxc6 Nxc6 11. bxc3 e5 12. d5 Ne7 13. Rb1 Nc8 14. f4 Nd7 15. Rxb7 {1-0 (40) Leitao,R (2609)-Tsuboi,E (2380) Campinas 2011}) 10. Be3 ({Much weaker is} 10. Nxc4 Bxc3 11. bxc3 Nxe4 $15) 10... Bxc3 11. Nxc6 Nxc6 12. bxc3 e5 13. Rb1 exd4 14. cxd4 Rb8 {[#]} (14... Qd7 $142) 15. Qa4 (15. d5 $1 $16 {[%cal Rd5c6]} Nb4 16. a3) 15... Nxd4 $14 16. Qxc4 Ne6 17. Rfd1 {[%mdl 1024] White has strong compensation.} Qc8 ({Better is} 17... Nd7 $14) 18. e5 $16 Nd7 19. f4 Re8 20. Qb5 c6 21. Qxa5 Nc7 22. a4 Nf8 23. Bf2 Ra8 24. Qb4 Nd5 25. Bxd5 cxd5 26. Qxb7 (26. Rxd5 $142 Qf5 27. a5 (27. Qxb7 Rxa4 28. Rbd1 Ra2 $16)) 26... Qxb7 27. Rxb7 {Hoping for Ba7.} Rxa4 28. Rxd5 Ra2 29. Rdb5 Rc8 {[#] aiming for ...Rc1+.} 30. Rb2 Rxb2 31. Rxb2 {[%mdl 4096] Endgame KRB-KRN} g6 32. Kg2 Ne6 33. Kf3 h5 34. Be3 Rc3 35. Rd2 Kg7 36. h3 f5 37. exf6+ Kxf6 38. Rd5 Rb3 39. Ke2 Rb2+ 40. Kf3 Rb3 41. g4 hxg4+ 42. hxg4 Rb7 43. Rd6 Kf7 44. Ra6 Nc7 45. Ra3 Ne6 46. Ra1 Re7 47. Rh1 Kg7 48. Rh2 Kg8 49. Rb2 Kf7 50. Rb6 Re8 51. Rb4 Re7 52. Bc1 Rd7 53. Bb2 Rd3+ 54. Kf2 Rd7 55. Ke3 Nc5 56. Bd4 Ne6 57. Be5 Ra7 58. Rb3 Nc5 59. Rc3 Ne6 60. Kf3 Ra4 61. Kg3 Ra5 62. Re3 Rb5 63. f5 (63. Re4 $16) 63... gxf5 $11 {The position is equal.} 64. gxf5 Nc5 65. Kg4 Rb4+ 66. Bf4 Rd4 67. Kf3 Rd3 {Precision: White = 50%, Black = 62%.} 1/2-1/2

[Event "EICC 2017"]
[Site "Minsk"]
[Date "2017.06.05"]
[Round "6"]
[White "Zvjaginsev, Vadim"]
[Black "Harutyunian, Tigran K"]
[Result "1-0"]
[WhiteElo "2661"]
[BlackElo "2523"]
[Annotator "TA"]
[PlyCount "105"]
[EventDate "2017.??.??"]
[EventCountry "BLR"]
[SourceTitle "playchess.com"]
[Source "ChessBase"]
[SourceQuality "1"]

{[%evp 19,105,35,41,36,35,37,44,16,33,18,28,29,53,44,37,17,43,42,41,13,30,16,21,0,35,43,44,41,40,34,35,33,88,68,75,71,68,61,64,62,204,193,547,525,545,544,539,537,528,512,497,177,170,160,329,0,99,0,317,281,563,577,799,776,2020,2288,1591,1390,12840,12840,12842,12842,12843,12844,12844,12839,12845,12846,12846,12847,12847,12848,12848,12849,12850,29981,12851,29982]} 1. e4 e5 2. Nf3 Nc6 3. d4 exd4 4. Nxd4 Bc5 5. Nxc6 Qf6 6. Qf3 bxc6 7. Nc3 {C45: Scotch Game} (7. Nd2 d6 8. Nb3 Bb6 9. a4 a5 10. Bd2 Qg6 11. Bd3 Bg4 12. Qg3 Be6 13. Bc3 Nf6 14. Qf3 Qg4 {½-½ (56) Fier,A (2562)-Yu,Y (2750) Fufeng 2017}) 7... Qxf3 8. gxf3 Ne7 9. Be3 Bb6 10. O-O-O d6 {LiveBook: 7 Games} 11. h4 $146 ({Predecessor:} 11. Rg1 O-O 12. f4 Ng6 13. Rg3 Re8 14. Bd3 f6 {1-0 (42) Hracek,Z (2615)-Babula,V (2585) Austria 2013}) 11... O-O 12. h5 Be6 13. Rg1 f5 14. Ne2 fxe4 (14... Bxa2 $6 15. b3 $16) 15. fxe4 Bxe3+ (15... Bxa2 $6 16. b3 $16) 16. fxe3 Bc4 {White must now prevent ...Rxf1!} ({Reject} 16... Bxa2 $6 17. b3 $16) 17. Re1 Rf6 ({But not} 17... Bxa2 $6 18. b3 $16) 18. b3 Ba6 19. c4 Re8 20. Nf4 Nc8 21. Bh3 (21. Rg3 $5 {[%cal Rf1h3]}) 21... Nb6 22. Rg5 Rxe4 {Hoping for ...Rfxf4.} 23. Reg1 Re7 {[#]} 24. Ne6 $1 $36 {[%cal Rg5g7][%mdl 2560] White has good play.} g6 (24... Rexe6 25. Bxe6+) 25. hxg6 Rxg6 (25... h6 $14 26. Rh5 (26. Ra5 Bc8 $17) 26... Bc8) 26. Rxg6+ hxg6 27. Rxg6+ Kf7 28. Rh6 Bc8 {[%cal Rc8e6]} 29. Nd4 $1 {[%cal Rd4c6]} Kg7 {[#]} ({Black should play} 29... c5 $1 $14) 30. Bxc8 $1 $18 {[%mdl 512] And now Nf5+ would win.} Kxh6 $2 {[%mdl 4096] Endgame KRN-KBN} (30... Rf7 {is tougher.}) (30... Nxc8 31. Nf5+) 31. Nf5+ Kg6 32. Nxe7+ Kf6 33. Nxc6 Nxc8 {KN-KN} 34. Kc2 Ke6 35. Kc3 $2 (35. b4 Kf7 36. Kd3) 35... Kd7 36. Nb8+ $1 Ke6 $2 {[#]} (36... Kd8 $16 {keeps fighting.} 37. c5 Ne7) 37. Nc6 $2 (37. Kb4 $1 $18 {and the rest is easy.}) 37... Kd7 $1 $16 {[%cal Rd7c6]} 38. Nb8+ $2 (38. Nb4 $16) 38... Ke6 $1 $18 {[#]} 39. Kb4 $1 Ne7 $2 (39... d5 40. cxd5+ Kxd5) 40. Kb5 Nf5 41. Kc6 Nxe3 42. Na6 Ke5 43. Nxc7 Kd4 44. Nb5+ Kd3 45. Nxd6 Kc3 46. c5 Kb4 {[#]} 47. Nc4 $1 Nc2 (47... Nxc4 48. bxc4) 48. Kd6 Nd4 49. c6 a5 50. c7 Nb5+ 51. Kd7 Nxc7 52. Kxc7 a4 53. Nd2 {Precision: White = 68%, Black = 20%.} 1-0

[Event "EICC 2017"]
[Site "Minsk"]
[Date "2017.06.05"]
[Round "6"]
[White "Anton Guijarro, David"]
[Black "Bosiocic, Marin"]
[Result "1-0"]
[WhiteElo "2660"]
[BlackElo "2603"]
[Annotator "TA"]
[PlyCount "49"]
[EventDate "2017.??.??"]
[EventCountry "BLR"]
[SourceTitle "playchess.com"]
[Source "ChessBase"]
[SourceQuality "1"]

{[%evp 14,49,25,29,68,56,64,69,94,82,120,89,85,91,145,138,152,143,152,148,145,158,858,821,854,838,903,884,914,903,897,909,897,883,1143,1143,1029,1021]} 1. e4 c5 2. Nf3 e6 3. d4 cxd4 4. Nxd4 Nc6 5. Nc3 Qc7 6. Be3 a6 7. a3 Nf6 8. f4 Nxd4 {B48: Sicilian: Taimanov: 5 Nc3 Qc7 6 Be3 a6 without Be2} 9. Bxd4 d6 10. Qf3 Bd7 $146 {White is slightly better.} ({Predecessor:} 10... e5 11. Bf2 Be7 12. Bd3 exf4 13. Qxf4 Be6 14. Bd4 O-O 15. O-O-O Nd7 16. Nd5 Bxd5 17. exd5 {0-1 (60) Savchenko,B (2566)-Maletin,P (2583) Vladivostok 2015}) 11. O-O-O Bc6 12. Bxf6 gxf6 13. f5 h5 ({Better is} 13... O-O-O) 14. Bc4 $16 Bd7 15. fxe6 fxe6 16. Qxf6 $40 {[%mdl 128] Black is in trouble.} Rh6 17. Qg5 $1 Qc5 $2 {[#]} ({Not} 17... Qxc4 $2 18. Rhf1 $18) (17... Bc6 $16 18. Bd5 Bxd5) 18. Bd5 $1 $18 {[%mdl 512] White is clearly winning.} Rh8 (18... exd5 19. Rhf1) 19. Qg6+ Ke7 20. Kb1 Qe3 {[#]} 21. Bxe6 $1 {[%mdl 512]} Bxe6 {[#]} 22. Nd5+ $1 Bxd5 23. exd5 Rh6 {[#]} 24. Qg8 $1 Kd7 25. Rde1 {Precision: White = 92%, Black = 33%.} 1-0

[Event "EICC 2017"]
[Site "Minsk"]
[Date "2017.06.05"]
[Round "6"]
[White "Dubov, Daniil"]
[Black "Pashikian, Arman"]
[Result "1-0"]
[WhiteElo "2660"]
[BlackElo "2603"]
[Annotator "TA"]
[PlyCount "79"]
[EventDate "2017.??.??"]
[EventCountry "BLR"]
[SourceTitle "playchess.com"]
[Source "ChessBase"]
[SourceQuality "1"]

{[%evp 21,79,13,20,20,12,13,16,11,20,23,19,16,14,20,16,16,52,29,51,60,50,54,47,22,31,23,20,26,50,58,70,30,61,58,56,45,62,57,68,99,84,30,80,14,14,7,8,0,0,0,0,0,0,0,0,0,29985,29986,29986,29987]} 1. c4 e5 2. Nc3 Nf6 3. Nf3 Nc6 4. g3 d5 5. cxd5 Nxd5 6. Bg2 Nb6 7. O-O Be7 8. a3 O-O 9. b4 {[%cal Bb2b4,Bb4b5][%mdl 32]} Be6 10. Rb1 f6 11. b5 {A29: English Opening: Four Knights Variation with 4 g3} (11. d3 a5 12. b5 Nd4 13. Nd2 Qc8 14. e3 Nf5 15. Qc2 a4 16. Rd1 Nd6 17. Nde4 Nxe4 18. Nxe4 Bd5 19. Nc5 Bxg2 20. Kxg2 Bxc5 21. Qxc5 {½-½ (85) Svidler,P (2757)-Giri,A (2793) Moscow 2016}) 11... Nd4 {LiveBook: 6 Games} 12. e3 Nxf3+ 13. Bxf3 {[#] The position is equal.} c6 $146 ({Predecessor:} 13... Qc8 14. Qc2 Rd8 15. d4 Bf5 16. Qb3+ Be6 17. Qc2 Bf5 18. Ne4 exd4 19. exd4 Rxd4 {½-½ (76) Shimanov,A (2642)-Sevian,S (2585) Saint Louis 2017}) 14. bxc6 bxc6 15. d4 exd4 16. exd4 Qd7 17. Re1 Nd5 18. Qb3 Rad8 19. Rb2 {[#] Hoping for Rbe2.} Bf7 20. Nxd5 Bxd5 21. Bxd5+ cxd5 22. Rbe2 Rf7 23. h4 {[%cal Bh2h4,Bh4h5][%mdl 32]} Bf8 24. Bd2 Re7 25. Rxe7 Bxe7 26. h5 Kf7 27. Qd3 g6 28. Qf3 Rc8 29. hxg6+ hxg6 30. Qh1 {White wants to mate with Qh7+.} Rg8 31. Re3 (31. a4 $16) 31... Qb7 32. Qh3 ({White should play} 32. a4 $16) 32... f5 $11 33. Rc3 $36 {[%mdl 2048] Black must now prevent Bf4. White has some pressure.} Bf6 34. Bf4 {Rc7+ is the strong threat.} Rh8 35. Qg2 {aiming for Rc7+.} Qb1+ 36. Rc1 Qb3 37. g4 Re8 38. Qh1 {Intending Qh7+ and mate.} (38. a4 $5) 38... Re7 $2 {[%mdl 8192] [#]} (38... Rh8 $11 39. Qg2 Rh3) 39. Qh7+ Bg7 40. Bh6 {Precision: White = 36%, Black = 64%.} 1-0

[Event "EICC 2017"]
[Site "Minsk"]
[Date "2017.06.05"]
[Round "6"]
[White "Grachev, Boris"]
[Black "Kveinys, Aloyzas"]
[Result "1-0"]
[WhiteElo "2658"]
[BlackElo "2520"]
[Annotator "TA"]
[PlyCount "103"]
[EventDate "2017.??.??"]
[EventCountry "BLR"]
[SourceTitle "playchess.com"]
[Source "ChessBase"]
[SourceQuality "1"]

{[%evp 17,103,0,10,0,43,-193,34,39,78,37,75,101,160,163,155,157,213,203,215,124,112,110,119,113,118,106,115,102,100,101,103,106,106,110,102,74,74,74,75,74,72,74,94,87,99,91,120,106,160,81,146,126,136,66,66,66,66,66,105,82,82,66,301,272,256,265,595,563,524,402,347,177,509,499,609,589,773,743,1297,1220,908,858,768,620,717,714,1845,1829]} 1. d4 Nf6 2. c4 e6 3. Nf3 d5 4. Nc3 c5 5. e3 Nc6 6. cxd5 Nxd5 7. Bd3 Be7 8. O-O O-O 9. Nxd5 Qxd5 10. Qc2 {D42: Queen's Gambit Declined: Semi-Tarrasch: 5 cxd5 Nxd5 6 e3 Nc6 7 Bd3} (10. e4 Qh5 11. Be2 cxd4 12. Nxd4 Qe5 13. Nxc6 bxc6 14. Qc2 c5 15. Be3 Bb7 16. f3 f5 17. Rad1 fxe4 {0-1 (44) Lastin,A (2656)-Khismatullin,D (2643) St Petersburg 2009}) 10... Nb4 $146 ({Predecessor:} 10... h6 11. Bh7+ Kh8 12. Be4 Nb4 13. Qxc5 Qxc5 14. dxc5 Bxc5 15. Bd2 Nd5 16. Rac1 Bd6 17. Rfd1 Rd8 {0-1 (59) Gorissen,P (800)-Vnukov,D (800) IECG email 1998}) 11. Bxh7+ Kh8 12. Qb1 $1 {And now a3 would win.White is slightly better.} g6 {[#]} 13. Bxg6 $1 {[%mdl 512]} fxg6 14. Ne5 $1 {[%cal Re5g6]} Bd6 (14... Bd7 $142) 15. Nxg6+ $16 Kg7 16. Nxf8 Kxf8 (16... Qh5 $16 {might work better.} 17. Qh7+ Qxh7 18. Nxh7 Kxh7) 17. dxc5 $18 Qxc5 18. Qh7 ({White should play} 18. Bd2 $18 Qh5 19. h3) 18... Qf5 $16 19. Qh8+ Kf7 20. Bd2 Be5 21. Qh4 $1 Nd3 22. Bc3 Bxc3 23. bxc3 {Rad1 is the strong threat.} Bd7 24. e4 Qg6 25. Rfd1 Bb5 26. Rab1 Rh8 27. Qg3 $1 {[%cal Rg3c7]} (27. Qxh8 $2 Nf4 $17) 27... Qxg3 28. hxg3 Ba6 29. f3 Kf6 30. Rb3 Rg8 31. g4 Kg5 32. c4 Ne5 (32... Nc5 $142) 33. Rd6 (33. Kf2 $142) 33... Kf6 (33... Bxc4 $142 34. Rxb7 Kf4 35. Rxa7 Rb8) 34. c5 Rc8 35. g5+ ({White should try} 35. Rc3 $16) 35... Kxg5 $14 36. Rxe6 Rxc5 37. Kh2 Nc6 38. Re8 Nd4 39. Ra3 Nc2 $2 {[#]} (39... Kf6 $14) 40. f4+ $1 $18 {[%mdl 512]} Kf6 (40... Kxf4 41. Rf3+) 41. Rh3 Bb5 $2 (41... Rc4 42. e5+ Kf7) 42. Reh8 Bc6 43. e5+ {[%cal Be4e5,Be5e6,Be6e7][%mdl 32]} Ke6 44. R8h6+ (44. R3h6+ $142 Kf5 45. e6 Kxf4 46. e7) 44... Kf5 $2 {[#]} (44... Kd5) 45. e6 $1 {White is clearly winning.} Ke4 {intending ...Ne3.} 46. e7 {aiming for Rxc6!} Be8 47. Rh8 Rc8 48. Rf8 Ne3 49. Rhh8 Rc2 50. Rhg8 Bb5 51. Rg5 Rc3 52. Re5+ {Precision: White = 75%, Black = 44%.} 1-0

[Event "EICC 2017"]
[Site "Minsk"]
[Date "2017.06.05"]
[Round "6"]
[White "Berkes, Ferenc"]
[Black "Deac, Bogdan-Daniel"]
[Result "1/2-1/2"]
[WhiteElo "2654"]
[BlackElo "2572"]
[Annotator "TA"]
[PlyCount "87"]
[EventDate "2017.??.??"]
[EventCountry "BLR"]
[SourceTitle "playchess.com"]
[Source "ChessBase"]
[SourceQuality "1"]

{[%evp 12,87,13,10,30,32,27,20,62,70,57,41,34,37,43,39,43,34,40,28,43,22,31,4,20,20,20,21,25,25,18,18,28,24,28,8,8,6,7,5,5,0,0,0,0,0,0,0,0,0,0,0,0,7,0,6,11,0,17,0,4,0,0,-13,-13,-13,-13,-14,-14,-15,0,-39,0,0,0,-38,0,0]} 1. d4 Nf6 2. c4 e6 3. Nf3 d5 4. Nc3 Bb4 5. e3 O-O 6. Bd2 c6 7. Bd3 a6 {D45: Semi-Slav: 5 e3} (7... Nbd7 8. O-O Bd6 9. Qc2 dxc4 10. Bxc4 e5 11. Rfe1 Qe7 12. Bd3 Re8 13. Ng5 h6 14. Nge4 Bc7 15. Ng3 Nb6 16. Rac1 {½-½ (25) Gallego Alcaraz,A (2445)-Barros,R (2156) Quibdo 2015}) 8. O-O (8. Qb3 $5 {[%cal Rb3b4]} Be7 9. c5 $11) 8... dxc4 9. Bxc4 b5 10. Bd3 c5 11. a3 $146 ({Predecessor:} 11. Ne4 Bxd2 12. Qxd2 c4 13. Nxf6+ Qxf6 14. Be4 {1-0 (34) Amorosi,G-Gambarota,R Italy 1997}) 11... cxd4 12. axb4 dxc3 13. Bxc3 {[#] Strongly threatening Ng5.} Bb7 14. Ne5 Nd5 15. Qc2 Qh4 16. Rfd1 Rc8 17. Be4 (17. Nf3 {with more complications.} Qh5 18. Be4 f5 19. Bxd5 Bxd5 20. Ne5) 17... Nxe3 (17... Nxb4 $5 18. Bxh7+ Qxh7 19. Qxh7+ Kxh7 20. Bxb4 Nc6 21. Nxc6 Rxc6 $11) 18. Bxh7+ Qxh7 19. Qxh7+ Kxh7 20. fxe3 f6 21. Nf7 e5 22. Nd6 Rc7 23. Nxb7 Rxb7 24. Rd6 Raa7 25. Kf2 Rd7 26. Rb6 Rab7 27. Rxb7 Rxb7 $11 {[%mdl 4096] Endgame KRB-KRN} 28. Kf3 Kg6 29. g4 Rd7 30. h4 {[%cal Bh2h4,Bh4h5][%mdl 32]} Rd6 31. g5 Nc6 32. Kg4 Ne7 33. h5+ Kf7 34. e4 fxg5 35. Kxg5 Ke6 36. Rf1 Rd3 37. Rf8 Rg3+ 38. Kh4 Re3 39. Ra8 Rxe4+ 40. Kg5 Re3 41. Rxa6+ Kf7 (41... Kd5 $5 {[%cal Re3g3]} 42. Kg4 Ng8 $11) 42. Ra7 Ke6 43. Ra6+ Kf7 {[#] ( -> ...Rg3+)} (43... Kd5 $5 {[%cal Re3g3]} 44. Kg4 Ng8 $11) 44. Ra7 {Precision: White = 72%, Black = 74%.} 1/2-1/2